Die 25 besten EA FC 25 Goldkarten - Statistiken

Allgemein
  • Dieses Quiz wurde 349 mal gespielt
  • Das Durchschnittsergebnis liegt bei 16 aus 25
Antwortstatistiken
Bewertung Nation Geschlecht Antwort % Korrekt
91 🇫🇷 Männlich Mbappe
100%
91 🇳🇴 Männlich Haaland
98%
91 🇪🇸 Männlich Rodri
88%
90 🇧🇪 Männlich De Bruyne
87%
90 🇧🇷 Männlich Vinicius
84%
90 🇪🇸 Weiblich Putellas
78%
90 🏴󠁧󠁢󠁥󠁮󠁧󠁿 Männlich Kane
77%
89 🇳🇱 Männlich Van Dijk
76%
88 🇵🇱 Männlich Lewandowski
74%
88 🇦🇷 Männlich Messi
73%
91 🇪🇸 Weiblich Bonmati
71%
89 🇪🇬 Männlich Salah
69%
89 🇳🇴 Männlich Odegaard
68%
90 🏴󠁧󠁢󠁥󠁮󠁧󠁿 Männlich Bellingham
67%
89 🇧🇪 Männlich Courtois
66%
90 🇦🇺 Weiblich Kerr
63%
89 🇮🇹 Männlich Donnarumma
55%
90 🇳🇴 Weiblich Hansen
53%
89 🇩🇪 Männlich Ter Stegen
52%
89 🇦🇷 Männlich Martinez
51%
89 🇧🇷 Männlich Alisson
49%
89 🇳🇴 Weiblich Hegerberg
37%
88 🇫🇷 Männlich Griezmann
31%
89 🇪🇸 Weiblich Mapi Leon
23%
89 🇺🇸 Weiblich Wilson
21%
Keine übereinstimmenden Quizze gefunden
Verteilung der Resultate
Anzahl Personen mit jedem Resultat
Perzentil nach korrekt beantworteten Fragen
Ihre Resultats-Entwicklung
Sie haben dieses Quiz noch nicht gespielt